00386pab a2200121 454500008003600000100001700036245007000053650001400123650002100137650002600158650003200184773004800216180718b xxu||||| |||| 00| 0 eng d aAllan, Percy aThe financial management programme of the New South Wales Tresury a Treasury a New South Wales a Financial Management aFinance, Public - Australia aAustralian Journal of Public Administration